[Event "AUT-chT2O 9495"]
[Site "?"]
[Date "1995.??.??"]
[Round "?"]
[White "Rotstein, Arkadij"]
[Black "Honfi, Karoly"]
[Result "0-1"]
[WhiteElo "2490"]
[BlackElo "2380"]

1.d4 Nf6 2.c4 g6 3.Nc3 d5 4.cxd5 Nxd5 5.e4 Nxc3 6.bxc3 Bg7 7.Bb5+ c6 8.Ba4 O-O
9.Ne2 a5 10.Bb3 Na6 11.O-O b5 12.a4 b4 13.Be3 bxc3 14.Rc1 Nb4 15.Rxc3 e5
16.dxe5 Bxe5 17.Rc5 Qe7 18.Qd2 Bd6 19.Qc3 Re8 20.Rd1 Be6 21.Bh6 f6 22.Nf4 Bxb3
23.Qxb3+ Kh8 24.Rc4 Rad8 25.Rcd4 c5 26.R4d2 Bxf4 27.Bxf4 Rxd2 28.Rxd2 Qxe4
29.g3 Qc6 30.Be3 c4 31.Qc3 Kg7 32.Qd4 Re7 33.Qd8 Qc7 34.Qxc7 Rxc7 35.Bb6 c3
36.Rc2 Rc6  0-1

[Event "AUT-chT9495"]
[Site "?"]
[Date "1995.??.??"]
[Round "?"]
[White "Winiwarter, Felix"]
[Black "Pils, Walter"]
[Result "1/2-1/2"]
[WhiteElo "2240"]
[BlackElo "2355"]

1.d4 Nf6 2.c4 g6 3.Nc3 d5 4.cxd5 Nxd5 5.e4 Nxc3 6.bxc3 Bg7 7.Bc4 c5 8.Ne2 cxd4
9.cxd4 Nc6 10.Be3 Qa5+ 11.Kf1 O-O 12.h4 Qa3 13.Qd2 Na5 14.Rc1 Nxc4 15.Rxc4 b6
16.Kg1 Ba6 17.Rc3 Qb4 18.Nc1 Qb1 19.f3 Rfc8 20.Kh2 Qb5 21.Nb3 Rxc3 22.Qxc3 Rc8
23.Qd2 e6 24.Rc1 Rxc1 25.Qxc1 Qc4 26.Qd2 Qd3 27.Qc1 Bc4 28.Bf4 h5 29.Qa3 Bxb3
30.axb3 a5 31.Qe7 Qxd4 32.Qe8+ Bf8 33.Bh6 Qd6+ 34.f4 Qb4 35.Qb8 Qc5 36.e5 b5
37.Bxf8 Qxf8 38.Qxb5 Qa3 39.Kg3 Kg7 40.Kf3 Qb2 41.g3  1/2-1/2

[Event "Avoine op"]
[Site "Avoine"]
[Date "1995.??.??"]
[Round "7"]
[White "Solozhenkin, Evgeniy"]
[Black "Piankov, Evgenij"]
[Result "1-0"]
[WhiteElo "2480"]
[BlackElo "2375"]

1.d4 Nf6 2.c4 g6 3.Nc3 d5 4.cxd5 Nxd5 5.e4 Nxc3 6.bxc3 Bg7 7.Nf3 O-O 8.Be2 c5
9.Rb1 cxd4 10.cxd4 b6 11.O-O Bb7 12.Qd3 Ba6 13.Qe3 Qd7 14.Ba3 Rd8 15.d5 e6
16.Rfd1 exd5 17.Rxd5 Qe8 18.Qd2 Rc8 19.Rc1 Rxc1+ 20.Bxc1 Bf6 21.Bb2 Be7 22.Bxa6 Nxa6
23.Qd4 f6 24.Qc4 b5 25.Rxb5+ Qf7 26.Qxf7+ Kxf7 27.Kf1 Nc5 28.Ba3 Rc8 29.Ra5 Rc7
30.Nd4 Nxe4 31.Nb5 Rb7 32.Bxe7 Kxe7 33.Rxa7 Rxa7 34.Nxa7 Nc3 35.Nc6+ Kd6
36.Nb4 Kc5 37.Nd3+ Kc4 38.Nc1 Nd5 39.Ke2 Kc3 40.Nd3 Kc2 41.Nc5 Nc3+ 42.Kf3 Nxa2
43.Nd7 f5 44.Nf8 Nb4 45.Nxh7 Nc6 46.h4 Kd3 47.Nf8 Nd4+ 48.Kf4 Ke2 49.Nxg6 Kxf2
50.Ke5 Nc6+ 51.Kf6 Kxg2 52.h5 f4 53.Nxf4+ Kf3 54.h6  1-0

[Event "Azov"]
[Site "Azov"]
[Date "1995.??.??"]
[Round "8"]
[White "Zakharstov, Viacheslav V"]
[Black "Zakharov, Alexander V"]
[Result "1/2-1/2"]
[WhiteElo "2440"]
[BlackElo "2395"]

1.d4 Nf6 2.c4 g6 3.Nc3 d5 4.cxd5 Nxd5 5.e4 Nxc3 6.bxc3 Bg7 7.Nf3 c5 8.Be3 Qa5
9.Qd2 O-O 10.Rb1 a6 11.Rc1 Nd7 12.d5 b5 13.Bd3 e6 14.dxe6 fxe6 15.Bb1 Qc7
16.Bh6 Nb6 17.Bxg7 Kxg7 18.O-O Nc4 19.Qe2 e5 20.h3 Be6 21.Rfd1 h6 22.Nh2 Rad8
23.a4 Rxd1+ 24.Rxd1 Qa5 25.axb5 axb5 26.Rc1 Qa3 27.Qe1 Qb2 28.Nf3 Rd8 29.Kh2 Kf7
30.Rc2 Qb3 31.Qc1 Ra8 32.Nd2 Nxd2 33.Rxd2 Qa3 34.Qc2 c4 35.Rd1 g5 36.Qd2 Qc5
37.h4 Rf8 38.Kg3 Kg6 39.hxg5 hxg5 40.f3 Qe7 41.Bc2 Qh7 42.Kf2 Qh2 43.Ke3 g4
44.Qf2 Kg5 45.Rf1 Qf4+ 46.Ke2 Rd8 47.Qe3 Qxe3+ 48.Kxe3 Ra8 49.fxg4 Ra2 50.Rf2 Bxg4  1/2-1/2

[Event "Bad Woerishofen op"]
[Site "Bad Woerishofen"]
[Date "1995.??.??"]
[Round "5"]
[White "Boensch, Uwe"]
[Black "Berndt, Stephan"]
[Result "1-0"]
[WhiteElo "2550"]
[BlackElo "2310"]

1.d4 Nf6 2.c4 g6 3.Nc3 d5 4.cxd5 Nxd5 5.e4 Nxc3 6.bxc3 Bg7 7.Bc4 O-O 8.Ne2 Nc6
9.O-O b6 10.e5 Na5 11.Bd3 Bb7 12.Nf4 c5 13.Be3 Rc8 14.Qg4 cxd4 15.cxd4 Nc4
16.h4 Ba6 17.Rad1 Nxe3 18.fxe3 Bxd3 19.Rxd3 e6 20.h5 Qe7 21.hxg6 hxg6 22.e4 Rc4
23.Ne2 b5 24.Rh3 b4 25.Rh2 Re8 26.Kh1 Rec8 27.Qh3 Qg5 28.Qh7+ Kf8 29.Rh3 Rc1
30.Nxc1 Rxc1 31.Rf3 Rxf1+ 32.Rxf1 Qg4 33.Qh3 Qxe4 34.Qxe6 Qh4+ 35.Qh3 Qxh3+
36.gxh3 Ke7 37.Kg2 f6 38.Rc1 fxe5 39.Rc7+ Kf8 40.d5 Bf6 41.Rxa7 e4 42.d6 Ke8
43.Rh7  1-0

[Event "Balatonbereny op"]
[Site "Balatonbereny"]
[Date "1995.??.??"]
[Round "1"]
[White "Kladiva, Istvan"]
[Black "Vadasz, Laszlo"]
[Result "0-1"]
[WhiteElo "2085"]
[BlackElo "2350"]

1.d4 Nf6 2.c4 g6 3.Nc3 d5 4.cxd5 Nxd5 5.e4 Nxc3 6.bxc3 Bg7 7.Ba3 Nd7 8.Bc4 c5
9.Ne2 cxd4 10.Nxd4 O-O 11.O-O Qc7 12.Qb3 Nc5 13.Qb4 b6 14.Nb5 Qb8 15.Bd5 Bb7
16.Qc4 e6 17.Bxb7 Qxb7 18.Nd6 Qc6 19.Rad1 Rfd8 20.Bxc5 bxc5 21.Nb5 a6 22.Na3 Qb6
23.Rb1 Qa5 24.Rb3 Rd7 25.e5 Rad8 26.f4 Rd2 27.Qe4 Rxa2 28.Nc4 Qa4 29.Rfb1 Qxb3  0-1

[Event "Balatonbereny op"]
[Site "Balatonbereny"]
[Date "1995.??.??"]
[Round "6"]
[White "Arnold, Johannes"]
[Black "Gross, Stefan"]
[Result "1-0"]
[WhiteElo "2250"]
[BlackElo "2350"]

1.d4 Nf6 2.c4 g6 3.Nc3 d5 4.cxd5 Nxd5 5.e4 Nxc3 6.bxc3 Bg7 7.Nf3 O-O 8.Be2 b6
9.O-O Bb7 10.Qc2 c5 11.d5 Qd6 12.Bb2 e5 13.Ne1 Nd7 14.f3 Bh6 15.Bc1 Bxc1
16.Qxc1 c4 17.Rb1 Rac8 18.Nc2 Rc5 19.a4 Ra5 20.Rb4 Nc5 21.Qa3 Ba6 22.Bxc4 Nxe4
23.fxe4 Qc5+ 24.Kh1 Bxc4 25.Re1 Rc8 26.Ne3 Bd3 27.Ng4 Qe7 28.Qb2 Qg5 29.Nf2 Bc4
30.d6 Be6 31.c4 Rd8 32.Rd1 Rc5 33.Rb5 Rc6 34.Rxe5 Qf6 35.Ng4 Bxg4 36.Re8+ Kg7
37.Qxf6+ Kxf6 38.Rf1+ Kg7 39.Rxd8 Rxc4 40.Re8 Rxa4 41.Re7  1-0

[Event "Balatonbereny op"]
[Site "Balatonbereny"]
[Date "1995.??.??"]
[Round "6"]
[White "Zimmerman, Yuri"]
[Black "Mueller, Ralf"]
[Result "1/2-1/2"]
[WhiteElo "2375"]
[BlackElo "2285"]

1.d4 Nf6 2.c4 g6 3.Nc3 d5 4.cxd5 Nxd5 5.e4 Nxc3 6.bxc3 Bg7 7.Nf3 c5 8.Rb1 O-O
9.Be2 b6 10.h4 Bg4 11.Be3 e6 12.h5 Bxh5 13.Ng5 cxd4 14.cxd4 Bxe2 15.Qxe2 h6
16.Nf3 Nc6 17.g4 Nxd4 18.Nxd4 Bxd4 19.Rd1 Bc3+ 20.Kf1 Qe7 21.Bxh6 Rfd8 22.Kg2 Bg7
23.Rb1 Qf6 24.Rh3 Bxh6 25.Rxh6 Kg7 26.Rbh1 Qf4 27.Rh7+ Kf6 28.R1h3 Rd2 29.Qf3 e5
30.g5+ Kxg5 31.Rxf7 Qxf3+ 32.Rhxf3 Rxa2 33.Rg3+ Kh6 34.Rh3+ Kg5 35.Rg3+ Kh6
36.Rh3+  1/2-1/2

[Event "Balatonbereny-B"]
[Site "Balatonbereny"]
[Date "1995.??.??"]
[Round "9"]
[White "Kwatschewsky, Leo"]
[Black "Feher, Gyula"]
[Result "0-1"]
[WhiteElo "2280"]
[BlackElo "2415"]

1.d4 Nf6 2.c4 g6 3.Nc3 d5 4.cxd5 Nxd5 5.e4 Nxc3 6.bxc3 Bg7 7.Nf3 c5 8.Rb1 O-O
9.Be2 cxd4 10.cxd4 Qa5+ 11.Qd2 Qxd2+ 12.Bxd2 e6 13.O-O b6 14.Rfe1 Bb7 15.Bc4 Nd7
16.Rbd1 Nf6 17.Bb4 Rfc8 18.Bd3 Bf8 19.Bxf8 Kxf8 20.Ne5 Rc3 21.Rc1 Rac8 22.Rxc3 Rxc3
23.f3 Ke7 24.Rd1 Ne8 25.Rd2 Nd6 26.Kf2 f6 27.Ng4 f5 28.exf5 exf5 29.Ne5 Bd5
30.Rb2 Ra3 31.Bb1 Nc4 32.Nxc4 Bxc4 33.h4 f4 34.Rd2 Kd6 35.Ke1 Ra5 36.Kf2 Ra3
37.Ke1 b5 38.Kd1 b4 39.Ke1 a5 40.Kd1 Bd5 41.Kc1 Re3 42.Bc2 Bxa2 43.Bxg6 Re1+
44.Kb2 hxg6 45.Kxa2 Kd5  0-1

[Event "Barbera del Valles op"]
[Site "Barbera del Valles"]
[Date "1995.??.??"]
[Round "5"]
[White "Gomez Esteban, Juan Mario"]
[Black "Glimbrant, Torbjorn"]
[Result "1/2-1/2"]
[WhiteElo "2425"]
[BlackElo "2260"]

1.d4 Nf6 2.c4 g6 3.Nc3 d5 4.cxd5 Nxd5 5.e4 Nxc3 6.bxc3 Bg7 7.Nf3 c5 8.Rb1 O-O
9.Be2 b6 10.O-O Bb7 11.Qd3 Ba6 12.Qe3 cxd4 13.cxd4 Qd7 14.Ba3 Bxe2 15.Qxe2 Re8
16.d5 Qa4 17.Rb3 Qa6 18.Qe3 Nd7 19.e5 e6 20.dxe6 fxe6 21.Rd1 Nc5 22.Bxc5 bxc5
23.Qxc5 Qxa2 24.Rb7 Bf8 25.Qe3 Re7 26.Rxe7 Bxe7 27.h4 Rd8 28.Rc1 Qa3 29.Qxa3 Bxa3
30.Rc7 a5 31.Ng5 Bb2 32.f4 a4 33.Kh2 Ra8 34.Nxh7 a3 35.Nf6+ Kf8 36.Rd7 a2
37.Nh7+ Ke8 38.Nf6+ Kf8 39.h5 gxh5 40.Nh7+ Ke8 41.Nf6+ Kf8  1/2-1/2

[Event "Regionalliga SO9495"]
[Site "Bayern"]
[Date "1995.??.??"]
[Round "5"]
[White "Markl, Martin"]
[Black "Gschwendtner, Stanislav"]
[Result "0-1"]
[WhiteElo "2055"]
[BlackElo "2010"]

1.d4 Nf6 2.c4 g6 3.Nc3 d5 4.cxd5 Nxd5 5.e4 Nxc3 6.bxc3 Bg7 7.Be3 c5 8.Qd2 Nc6
9.Ne2 Qa5 10.Rd1 b6 11.Nc1 cxd4 12.cxd4 Nb4 13.Bc4 Ba6 14.Bxa6 Nc2+ 15.Ke2 Qxa6+
16.Qd3 Qa4 17.Qb3 Qa6+ 18.Qd3 Qc8 19.h3 O-O 20.Nb3 Nb4 21.Qd2 Qc4+ 22.Kf3 f5
23.exf5 Rxf5+ 24.Kg3 Nd5 25.Rc1 Qb5 26.Kh2 Raf8 27.f3 Qd7 28.Rhf1 Qd6+ 29.Kg1 Rh5
30.Rc2 a5 31.a4 Qa3 32.Rb1 Qxa4 33.Ra2 Qd7 34.Kh1 Qe6 35.Bg5 Qf5 36.f4 Qxb1+
37.Kh2  0-1

[Event "Regionalliga SW9495"]
[Site "Bayern"]
[Date "1995.??.??"]
[Round "6"]
[White "Marschall, Josef"]
[Black "Tibitanzl, Thomas"]
[Result "1/2-1/2"]
[WhiteElo "2005"]
[BlackElo "1955"]

1.d4 Nf6 2.c4 g6 3.Nc3 d5 4.cxd5 Nxd5 5.e4 Nxc3 6.bxc3 Bg7 7.Nf3 c5 8.Rb1 O-O
9.Be2 cxd4 10.cxd4 Qa5+ 11.Qd2 Qxd2+ 12.Bxd2 Nc6 13.Be3 Rd8 14.d5 Ne5 15.Nxe5 Bxe5
16.O-O b6 17.f4 Bg7 18.Rfd1 e5 19.dxe6 Bxe6 20.Rxd8+ Rxd8  1/2-1/2

[Event "Lee Cup"]
[Site "Beijing"]
[Date "1995.??.??"]
[Round "2"]
[White "Wang Yaoyao"]
[Black "Alterman, Boris"]
[Result "0-1"]
[WhiteElo "2445"]
[BlackElo "2595"]

1.d4 Nf6 2.c4 g6 3.Nc3 d5 4.cxd5 Nxd5 5.e4 Nxc3 6.bxc3 Bg7 7.Be3 c5 8.Qd2 cxd4
9.cxd4 Nc6 10.Bb5 Bd7 11.Ne2 a6 12.Bd3 O-O 13.Rc1 Rc8 14.O-O Qa5 15.Qxa5 Nxa5
16.d5 b5 17.Bb6 Nb7 18.Nd4 Bh6 19.Rcd1 Nd6 20.Nb3 Nc4 21.Bd4 Bg7 22.Rc1 Rfd8
23.f4 e6 24.Bxg7 Kxg7 25.dxe6 Bxe6 26.Be2 Ne3 27.Rxc8 Rxc8 28.Rc1 Rxc1+ 29.Nxc1 Nc2
30.Kf2 Nb4 31.Nb3 Nxa2 32.Nc5 Bc8 33.Ke3 Nc3 34.Bd3 a5 35.Kd4 b4 36.h3 h5
37.Bc4 a4 38.Nd3 Ne2+ 39.Ke3 Ng3 40.Nxb4 Be6 41.Bxe6 fxe6 42.Nc2 h4 43.Na3 Kf6
44.Nc4 g5 45.fxg5+ Kxg5 46.Kf3 Nh5 47.Na3 Nf6 48.Ke3 Nd7 49.Nc4 Nf8 50.Na3 Ng6
51.Kf3 Ne5+ 52.Ke3 Nc6 53.Kf3 Nd4+ 54.Ke3 e5 55.Nc4 Nb5 56.Nxe5 a3 57.Nf3+ Kf6
58.Nd2 a2 59.Nb3 Ke5 60.Na1 Nd6 61.Nc2 Nxe4 62.Kf3 Ng3 63.Kf2 Kf4 64.Na1 Ne4+
65.Ke2 Kg3 66.Kf1 Nc3  0-1

[Event "Belgrade Invest"]
[Site "Belgrade"]
[Date "1995.??.??"]
[Round "5"]
[White "Lautier, Joel"]
[Black "Shirov, Alexei"]
[Result "1/2-1/2"]
[WhiteElo "2645"]
[BlackElo "2695"]

1.d4 Nf6 2.c4 g6 3.Nc3 d5 4.cxd5 Nxd5 5.e4 Nxc3 6.bxc3 Bg7 7.Nf3 c5 8.Rb1 O-O
9.Be2 cxd4 10.cxd4 Qa5+ 11.Bd2 Qxa2 12.O-O b6 13.Qc1 Bb7 14.Bc4 Qa4 15.Bb5 Qa2
16.Re1 Rc8 17.Qd1 Qc2 18.Qe2 Nc6 19.Bd3 Qa2 20.Bc4 Qa4 21.Bb3 Qa6 22.Qe3 Na5
23.Bxf7+ Kxf7 24.Ng5+ Kg8 25.Qh3 h6 26.Qe6+ Kh8 27.Re3 b5 28.Nf7+ Kh7 29.Ng5+ Kh8
30.Nf7+ Kh7 31.Ng5+  1/2-1/2

[Event "Belgrade Trako"]
[Site "Belgrade"]
[Date "1995.??.??"]
[Round "5"]
[White "Ostojic, Nikola"]
[Black "Nestorovic, Dejan"]
[Result "1-0"]
[WhiteElo "2465"]
[BlackElo "2415"]

1.d4 Nf6 2.c4 g6 3.Nc3 d5 4.cxd5 Nxd5 5.e4 Nxc3 6.bxc3 Bg7 7.Bb5+ c6 8.Ba4 O-O
9.Ne2 c5 10.O-O Nc6 11.Be3 Qc7 12.Qc2 Na5 13.Qc1 Bd7 14.Bxd7 Qxd7 15.Bh6 cxd4
16.Bxg7 Kxg7 17.cxd4 Rac8 18.Qe3 b6 19.Rad1 Rc2 20.d5 Rxa2 21.Nd4 Kg8 22.Rd3 Nc4
23.Qc1 Rc8 24.Nc6 Rxc6 25.Qb1 Rd2 26.Rxd2 Nxd2 27.dxc6 Qxc6 28.Rc1 Qb7 29.Qd3 Nxe4
30.Qd8+ Kg7 31.Rc7 Qa6 32.Qd4+ Nf6 33.Rxe7 h5 34.h3 Qa5 35.Qc4 Qd5 36.Qxd5 Nxd5
37.Rxa7 Kf6 38.Kf1 Ke6 39.h4 Kf6 40.g3 Ke6 41.Ke2 Nf6 42.Kd3 Ng4 43.Ra2 Kf5
44.Rb2 Ne5+ 45.Kd4 Nd7 46.Kd5 Nf6+ 47.Kd6 Ne4+ 48.Ke7 g5 49.Kxf7 gxh4 50.gxh4 Nc5
51.Rxb6 Nd3 52.Rb3 Ne5+ 53.Kg7  1-0

[Event "Berliner Sommer"]
[Site "Berlin"]
[Date "1995.??.??"]
[Round "2"]
[White "Ruzele, Darius"]
[Black "Albrecht, Rainer"]
[Result "1-0"]
[WhiteElo "2505"]
[BlackElo "2270"]

1.d4 Nf6 2.c4 g6 3.Nc3 d5 4.cxd5 Nxd5 5.e4 Nxc3 6.bxc3 Bg7 7.Bb5+ Bd7 8.Be2 c5
9.Nf3 Bc6 10.Qd3 cxd4 11.cxd4 O-O 12.O-O e6 13.Bg5 Qa5 14.Bd2 Qd8 15.Rad1 Re8
16.Rfe1 Nd7 17.Bf1 Nb6 18.Bg5 Qd6 19.Qe3 f6 20.Bh6 Qe7 21.Bxg7 Kxg7 22.h4 Red8
23.Nd2 Rac8 24.Nb3 Ba4 25.Rc1 Bxb3 26.axb3 Qd7 27.Rxc8 Nxc8 28.Rd1 Ne7 29.g3 a6
30.Be2 Qd6 31.h5 Qb4 32.Bc4 Qd6 33.Be2 Qb4 34.Bg4 Qd6 35.e5 fxe5 36.dxe5 Qxd1+
37.Bxd1 Rxd1+ 38.Kg2 Rd7 39.h6+ Kg8 40.Qa7 Kf7 41.Qb8 Ng8 42.Qc8 Re7 43.b4 Nxh6
44.Qh8 Nf5 45.Qxh7+ Ng7 46.Qh4 Ne8 47.Qf4+ Kg7 48.Qe4 Rf7 49.f4 Rd7 50.Kh3 Kh6
51.Kh4 Rf7 52.Qd4 Nc7 53.Qb6 Kh7 54.Qxb7 Kg7 55.Qc6 Kh6 56.Kg4 Kg7 57.Qd6 Kh6
58.Kh4 Kg7 59.Kg5 Rf5+ 60.Kg4 Rf7 61.Kh4 Kh6 62.g4 Rxf4 63.Qxc7 Rf3 64.g5+  1-0

[Event "Berliner Sommer"]
[Site "Berlin"]
[Date "1995.??.??"]
[Round "3"]
[White "Kunze, Carlo"]
[Black "Malisauskas, Vidmantas"]
[Result "0-1"]
[WhiteElo "2350"]
[BlackElo "2510"]

1.d4 Nf6 2.c4 g6 3.Nc3 d5 4.cxd5 Nxd5 5.e4 Nxc3 6.bxc3 Bg7 7.Nf3 c5 8.Rb1 O-O
9.Be2 b6 10.Be3 Bb7 11.Qc2 cxd4 12.cxd4 Qc8 13.Qxc8 Rxc8 14.Bd3 Nd7 15.Ke2 e6
16.Nd2 Rc7 17.Rhc1 Rac8 18.Rxc7 Rxc7 19.f3 Nb8 20.Bf4 Rc8 21.Nc4 Ba6 22.Nd6 Rc2+
23.Ke3 Rxa2 24.Bxa6 Nxa6 25.Rc1 h6 26.Rc8+ Kh7 27.Nxf7 Nb4 28.Rc7 Nc2+ 29.Kd3 Ne1+
30.Kc4 Rc2+ 31.Kb5 Rxc7 32.Bxc7 Bxd4 33.e5 Nxg2 34.Nd8 Nf4 35.Ka6 Bg1 36.h3 g5
37.Bd6 Kg6 38.Kxa7 Kf5 39.Nc6 Nxh3  0-1

[Event "Berliner Sommer"]
[Site "Berlin"]
[Date "1995.??.??"]
[Round "3"]
[White "Korotylev, Alexey"]
[Black "Coenen, Norbert"]
[Result "1-0"]
[WhiteElo "2450"]
[BlackElo "2320"]

1.d4 Nf6 2.c4 g6 3.Nc3 d5 4.cxd5 Nxd5 5.e4 Nxc3 6.bxc3 Bg7 7.Bb5+ c6 8.Ba4 O-O
9.Ne2 c5 10.O-O Nc6 11.Be3 Qc7 12.Qc1 b6 13.Rd1 Bb7 14.Bf4 e5 15.Bg3 Ba6
16.Qb2 Rad8 17.Bb5 Bb7 18.Bh4 exd4 19.Bxd8 Rxd8 20.Rac1 dxc3 21.Rxd8+ Qxd8
22.Nxc3 Nd4 23.Bd3 Nf3+ 24.gxf3 Qxd3 25.Qe2 Qd8 26.Qe3 Qh4 27.Ne2 Bh6 28.f4 Qg4+
29.Kh1 Ba6 30.f3  1-0

[Event "Berliner Sommer"]
[Site "Berlin"]
[Date "1995.??.??"]
[Round "7"]
[White "Thallinger, Harald"]
[Black "Malisauskas, Vidmantas"]
[Result "0-1"]
[WhiteElo "2280"]
[BlackElo "2510"]

1.d4 Nf6 2.c4 g6 3.Nc3 d5 4.cxd5 Nxd5 5.e4 Nxc3 6.bxc3 Bg7 7.Bb5+ c6 8.Ba4 O-O
9.Ne2 b6 10.O-O e5 11.Ba3 Re8 12.d5 Bf8 13.Bxf8 Rxf8 14.c4 Ba6 15.Bb3 Nd7
16.dxc6 Nc5 17.Nc3 Rc8 18.Qxd8 Rfxd8 19.Nd5 Kg7 20.f4 Rxc6 21.fxe5 Re6 22.Nc7 Re7
23.Nxa6 Nxa6 24.Rad1 Rxd1 25.Rxd1 Nc5 26.Bc2 Rxe5 27.Rd4 f5 28.Kf2 fxe4 29.Ke3 Kf6
30.Bxe4 Nxe4 31.Rxe4 Ra5 32.Rf4+ Ke5 33.Re4+ Kd6 34.Rh4 Rxa2 35.g4 Kc5 36.Kd3 Ra3+
37.Kc2 Ra4 38.Rxh7 Rxc4+ 39.Kb3 Rb4+ 40.Kc3 a5 41.g5 Rg4 42.h4 a4 43.Rh6 b5
44.Rxg6 Rxh4 45.Rf6 Rh3+ 46.Kb2 Rg3 47.g6 Kb4 48.Rf4+ Ka5 49.Rf6 a3+ 50.Ka2 Ka4
51.Ra6+ Kb4 52.Rf6 Rg2+ 53.Kb1 Kb3 54.Rf3+ Ka4 55.Rf6 b4 56.Re6 Rg1+ 57.Kc2 b3+  0-1

[Event "Berliner Sommer"]
[Site "Berlin"]
[Date "1995.??.??"]
[Round "7"]
[White "Dydyshko, Viacheslav"]
[Black "Neverov, Valeriy"]
[Result "1-0"]
[WhiteElo "2545"]
[BlackElo "2485"]

1.d4 Nf6 2.c4 g6 3.Nc3 d5 4.cxd5 Nxd5 5.e4 Nxc3 6.bxc3 Bg7 7.Be3 c5 8.Qd2 cxd4
9.cxd4 Nc6 10.Rd1 O-O 11.Bc4 Bd7 12.Ne2 Qa5 13.Rb1 Qxd2+ 14.Kxd2 Na5 15.Bd3 Rac8
16.Rhc1 e6 17.Bf4 Rxc1 18.Rxc1 Rc8 19.Rxc8+ Bxc8 20.Bb5 b6 21.Bc7 Bb7 22.f3 Bf8
23.Kc3 Ba3 24.Nf4 Kf8 25.Nd3 Ke7 26.Nb4 Bc8 27.d5 Bxb4+ 28.Kxb4 exd5 29.exd5 Nb7
30.Ba6 Kd7 31.Bb8 Nd6 32.Bxc8+ Nxc8 33.Kb5 Ne7 34.Bxa7 Nxd5 35.Bxb6 Nf4 36.g3 Nd3
37.a4 Ne5 38.f4 Nf3 39.h3 Nd2 40.a5 Ne4 41.a6 Kc8 42.Kc6 Kb8 43.g4 h5 44.gxh5 gxh5
45.Bd4 Ng3 46.Kd5  1-0

[Event "Berliner Sommer"]
[Site "Berlin"]
[Date "1995.??.??"]
[Round "9"]
[White "Josephsen, Niels"]
[Black "Schwarz, Michael"]
[Result "1/2-1/2"]
[WhiteElo "2255"]
[BlackElo "2410"]

1.d4 Nf6 2.c4 g6 3.Nc3 d5 4.cxd5 Nxd5 5.e4 Nxc3 6.bxc3 Bg7 7.Nf3 O-O 8.Rb1 b6
9.Be2 Bb7 10.Qd3 Qd7 11.O-O Qc6 12.Nd2 Rd8 13.Qe3 Ba6 14.Bxa6 Nxa6 15.Bb2 Qa4
16.c4 e6 17.h4 Qxa2 18.Bc3 c5 19.d5 Bxc3 20.Qxc3 Nb4 21.Rb2 Qa4 22.h5 Qe8
23.f4 b5 24.f5 exf5 25.exf5 gxh5 26.Qg3+ Kh8 27.Qc3+ Kg8 28.Qg3+ Kh8 29.Qc3+ Kg8
30.Qg3+  1/2-1/2

[Event "Biel op"]
[Site "Biel"]
[Date "1995.??.??"]
[Round "1"]
[White "Gavrilov, Alexei"]
[Black "Di Fonzo, Valerio"]
[Result "1-0"]
[WhiteElo "2405"]
[BlackElo "2195"]

1.d4 Nf6 2.c4 g6 3.Nc3 d5 4.cxd5 Nxd5 5.e4 Nxc3 6.bxc3 Bg7 7.Qa4+ Bd7 8.Qa3 e5
9.d5 f5 10.Nf3 fxe4 11.Ng5 Bf5 12.Be3 Qd6 13.Bb5+ Bd7 14.Bc5 Qxd5 15.Rd1 Qg8
16.Qa4 Bc6 17.Qb4 a5 18.Bxc6+  1-0

[Event "DLM"]
[Site "Binz"]
[Date "1995.??.??"]
[Round "2"]
[White "Hetey, Laszlo"]
[Black "Voigt, Ulrich"]
[Result "1-0"]
[WhiteElo "2290"]
[BlackElo "2225"]

1.d4 Nf6 2.c4 g6 3.Nc3 d5 4.cxd5 Nxd5 5.e4 Nxc3 6.bxc3 Bg7 7.Nf3 c5 8.Rb1 O-O
9.Be2 Nc6 10.d5 Ne5 11.Nxe5 Bxe5 12.c4 f5 13.exf5 Rxf5 14.O-O b6 15.Be3 Qd6
16.g3 Rf7 17.f4 Bg7 18.a4 Bh3 19.Rf2 e6 20.Bf3 Re8 21.Rd2 e5 22.Bg4 Bxg4
23.Qxg4 exf4 24.Bxf4 Qe7 25.Bg5 Qe4 26.Qxe4 Rxe4 27.a5 Rxc4 28.axb6 axb6
29.Rxb6 Bd4+ 30.Kg2 Kg7 31.d6 Ra4 32.Rc6 Rd7 33.Re2 Bf6 34.Rc7 Ra7 35.Bf4 g5
36.Rxa7 Rxa7 37.Be3 Bd4 38.Bxg5 Kf7 39.Kf3 Rd7 40.Bf4 Bg7 41.Rc2 Bd4 42.g4 Ke6
43.Ra2 Kd5 44.h4 Rf7 45.Re2 Ra7 46.g5 c4 47.Re7 Kc6 48.Ke4  1-0

[Event "DLM"]
[Site "Binz"]
[Date "1995.??.??"]
[Round "4"]
[White "Hetey, Laszlo"]
[Black "Schmenger, Felix"]
[Result "1-0"]
[WhiteElo "2290"]
[BlackElo "2285"]

1.d4 Nf6 2.c4 g6 3.Nc3 d5 4.cxd5 Nxd5 5.e4 Nxc3 6.bxc3 Bg7 7.Nf3 c5 8.Rb1 O-O
9.Be2 cxd4 10.cxd4 Qa5+ 11.Qd2 Qxd2+ 12.Bxd2 b6 13.O-O Bb7 14.d5 Ba6 15.Bxa6 Nxa6
16.Rfc1 Rfc8 17.Kf1 Kf8 18.Ke2 Ke8 19.Be3 h6 20.Nd4 Bxd4 21.Bxd4 Kd7 22.g4 e6
23.dxe6+ Kxe6 24.f4 f5 25.exf5+ gxf5 26.g5 Kd5 27.Bf6 Re8+ 28.Kf3 hxg5 29.fxg5 Nc5
30.Rd1+ Ke6 31.h4 Ne4 32.Ba1 Rad8 33.Kf4 Nf2 34.Re1+ Ne4 35.Rbd1 Rxd1 36.Rxd1 Rc8
37.g6 Nf2 38.Re1+ Ne4 39.h5 Rc2 40.h6 Rf2+ 41.Ke3 Kd5 42.Rd1+  1-0

[Event "DLM"]
[Site "Binz"]
[Date "1995.??.??"]
[Round "6"]
[White "Brettschneider, Stefan"]
[Black "Schmenger, Felix"]
[Result "0-1"]
[WhiteElo "2220"]
[BlackElo "2285"]

1.d4 Nf6 2.c4 g6 3.Nc3 d5 4.cxd5 Nxd5 5.e4 Nxc3 6.bxc3 Bg7 7.Bc4 c5 8.Ne2 O-O
9.Be3 Nc6 10.Rc1 cxd4 11.cxd4 Qa5+ 12.Kf1 Qa3 13.Rc3 Qd6 14.f3 Rd8 15.Rd3 Na5
16.Bb3 Bd7 17.Kf2 Bb5 18.Rd2 Rac8 19.Qb1 Bxe2 20.Kxe2 Rc3 21.d5 Nxb3 22.axb3 Rxe3+
23.Kxe3 Bh6+ 24.Ke2 Bxd2 25.Kxd2 e6 26.Ke2 exd5 27.exd5 Qxd5 28.Qc2 Qd4 29.Rc1 Qe5+  0-1

[Event "Bled op"]
[Site "Bled"]
[Date "1995.??.??"]
[Round "5"]
[White "Arbakov, Valentin"]
[Black "Kodric, Martin"]
[Result "1-0"]
[WhiteElo "2500"]
[BlackElo "2250"]

1.d4 Nf6 2.c4 g6 3.Nc3 d5 4.cxd5 Nxd5 5.e4 Nxc3 6.bxc3 Bg7 7.Bc4 c5 8.Ne2 O-O
9.O-O Nc6 10.Be3 Bd7 11.Qd2 Rc8 12.Rac1 Na5 13.Bd3 b5 14.Bh6 cxd4 15.Bxg7 Kxg7
16.cxd4 Qb6 17.Qb4 e6 18.h4 Nc4 19.Rfd1 Rfd8 20.h5 a5 21.Qb3 Nd6 22.Qb2 Ne8
23.Rb1 Nf6 24.Ng3 b4 25.d5 h6 26.hxg6 fxg6 27.Be2 Ba4 28.Rdc1 Bd7 29.Bf3 Rxc1+
30.Rxc1 Rc8 31.Rd1 Ba4 32.Rd2 Qc5 33.Ne2 exd5 34.Rxd5 Qc2 35.Qd4 Qc4 36.Rxa5 Qxd4
37.Nxd4 Be8 38.e5 Nd7 39.Bg4 Rc4 40.Ne6+ Kf7 41.f4 g5 42.Nxg5+ Ke7 43.Nh3 h5
44.Bf3 Bg6 45.Ra7 Bf5 46.Bxh5 Kd8 47.g4  1-0

[Event "RUS-chT"]
[Site "Briansk"]
[Date "1995.??.??"]
[Round "6"]
[White "Lobach, Pavel V"]
[Black "Chudinovskih, Alexander"]
[Result "0-1"]
[WhiteElo "2250"]
[BlackElo "2305"]

1.d4 Nf6 2.c4 g6 3.Nc3 d5 4.cxd5 Nxd5 5.e4 Nxc3 6.bxc3 Bg7 7.Be3 c5 8.Qd2 O-O
9.Nf3 Qa5 10.Rc1 Rd8 11.d5 e6 12.c4 Qxd2+ 13.Nxd2 Na6 14.Be2 b6 15.O-O Nb4
16.a3 Na2 17.Rc2 Nc3 18.Bf3 exd5 19.cxd5 f5 20.d6 fxe4 21.Nxe4 Bf5 22.Rxc3 Bxe4
23.Bxe4 Bxc3 24.Bxa8 Rxa8 25.Bg5 Kf7 26.Be7 Bf6 27.h3 Bxe7 28.dxe7 Kxe7 29.g4 c4
30.Kg2 c3 31.Kf3 Rc8 32.Rc1 h5 33.gxh5 gxh5 34.Ke4 Kf6 35.Kd3 c2 36.Rxc2 Rxc2
37.Kxc2 Kf5 38.Kd3 Kf4 39.Kd4 Kf3 40.Ke5 b5 41.Kd5 Kxf2 42.Kc5  0-1

[Event "Budapest FS07 IM-A"]
[Site "Budapest"]
[Date "1995.??.??"]
[Round "?"]
[White "Hetey, Laszlo"]
[Black "Honfi, Karoly"]
[Result "1/2-1/2"]
[WhiteElo "2290"]
[BlackElo "2390"]

1.d4 Nf6 2.c4 g6 3.Nc3 d5 4.cxd5 Nxd5 5.e4 Nxc3 6.bxc3 Bg7 7.Nf3 c5 8.Rb1 O-O
9.Be2 cxd4 10.cxd4 Qa5+ 11.Qd2 Qxd2+ 12.Bxd2 b6 13.O-O Bb7 14.d5 Nd7 15.Bb4 Rac8
16.Bxe7 Rfe8 17.d6 Bxe4 18.Bb5 Bc6 19.Ba6 Rb8 20.Rbc1 Nc5 21.Bc4 h6 22.Rfe1 Bd7
23.h3 Rec8 24.g4 b5 25.Bd5 Nd3 26.Rc7 Rxc7 27.dxc7 Rc8 28.Rd1 Nf4 29.Bd8 Nxd5
30.Rxd5 Bc6 31.Rd3 Bxf3 32.Rxf3 Be5 33.Re3 Bxc7 34.Bxc7 Rxc7 35.Re8+ Kg7
36.Rb8 Rc2 37.Rxb5 Rxa2 38.Kg2 Rc2 39.Rb7 a5 40.Ra7 Rc5 41.Ra6 h5 42.Kg3 f6
43.Ra7+ Kh6 44.Ra6 f5 45.f3 h4+ 46.Kxh4 f4 47.g5+ Rxg5 48.Rxg6+ Rxg6  1/2-1/2

[Event "Spring op"]
[Site "Budapest"]
[Date "1995.??.??"]
[Round "?"]
[White "Dao Thien Hai"]
[Black "Mach, Holger"]
[Result "1-0"]
[WhiteElo "2480"]
[BlackElo "2295"]

1.d4 Nf6 2.c4 g6 3.Nc3 d5 4.cxd5 Nxd5 5.e4 Nxc3 6.bxc3 Bg7 7.Bb5+ c6 8.Ba4 a5
9.Ne2 b5 10.Bb3 a4 11.Bc2 O-O 12.O-O c5 13.Be3 Na6 14.Rb1 Bd7 15.f4 e6 16.dxc5 Qc7
17.Qd6 Rfc8 18.Rfd1 Be8 19.Qxc7 Rxc7 20.c6 Bxc6 21.Bd3 Rb8 22.Nd4 Be8 23.Nxb5 Bxb5
24.Rxb5 Rxc3 25.Rxb8+ Nxb8 26.Kf2 Nd7 27.Bb5 Nf6 28.Rd8+ Bf8 29.Ke2 Nxe4
30.f5 g5 31.f6 h6 32.Bd4 Rc7 33.Kd3 Nc5+ 34.Ke3 Ne4 35.Bd3 Nc5 36.Ra8 Nd7
37.Kd2 a3 38.Bb5 e5 39.Ba1 Nb6 40.Rb8 Nd7 41.Bxd7 Rxd7+ 42.Ke3 e4 43.Bd4 Rc7
44.Be5 Rc2 45.Bd6 Kh7 46.Rxf8 Kg6 47.g4 Kxf6 48.Ra8 Rxa2 49.Rxa3 Rg2 50.Bg3 Kg6
51.Ra6+ f6 52.Be5 Rxg4 53.Rxf6+ Kh7 54.Kf2 h5 55.Rd6 h4 56.h3 e3+ 57.Kxe3 Ra4
58.Kf3  1-0

[Event "Budapest FS10 IM-A"]
[Site "Budapest"]
[Date "1995.??.??"]
[Round "1"]
[White "Eperjesi, Laszlo"]
[Black "Honfi, Karoly"]
[Result "1/2-1/2"]
[WhiteElo "2280"]
[BlackElo "2390"]

1.d4 Nf6 2.c4 g6 3.Nc3 d5 4.cxd5 Nxd5 5.e4 Nxc3 6.bxc3 Bg7 7.Nf3 c5 8.Bb5+ Bd7
9.Bxd7+ Qxd7 10.O-O O-O 11.Be3 cxd4 12.cxd4 Nc6 13.d5 Ne5  1/2-1/2